000
00352nam a2200157Ia 4500
003
0STCL
008
150530s9999 xx 000 0 und d
040
_a
STCL
_c
STCL
100
_a
Aldous Huxley
245
_a
Brief candles
260
_b
Chatto and Windus
_c
1934
546
_a
English
942
_2
ddc
_c
BK
999
_c
45432
_d
45432
005
20220125170650.0